Gaming Quiz

Random Gaming Quiz

Fire Emblem: Path of Radiance- Classes Quiz Stats

Quiz not verified by Sporcle

Challenge
Share
Tweet
Embed
Score 0/46 Timer 10:00
0 Plays Today
Character Class % Correct
SorenMage
96%
IlyanaMage
96%
Tormod Mage
96%
SotheThief
94.7%
GeoffreyPaladin
94.7%
IkeLord
94%
LuciaSwordmaster
94%
StefanSwordmaster
94%
Titania Paladin
94%
GatrieKnight
93.3%
Tauroneo General
93.3%
RolfArcher
93.3%
MarciaPegasus Knight
92.7%
BromKnight
92.7%
ShinonSniper
92.7%
Bastian Sage
92.7%
CalillSage
92.7%
ZiharkMyrmidon
92%
MiaMyrmidon
92%
LetheCat
92%
RanulfCat
92%
Mordecai Tiger
91.3%
Muarim Tiger
91.3%
Character Class % Correct
JanaffHawk
91.3%
UlkiHawk
91.3%
JillWyvern Rider
90.7%
Nephenee Soldier
90%
VolkeAssassin
90%
HaarWyvern Lord
89.3%
MistCleric
88.7%
RhysPriest
88.7%
ReysonHeron
88.7%
OscarLance Knight
87.3%
Astrid Bow Knight
87.3%
BoydWarrior
86.7%
Kieran Axe Knight
86.7%
MakalovSword Knight
86.7%
EnaRed Dragon
86.7%
NasirWhite Dragon
86%
LargoBerserker
85.3%
TibarnHawk King
85.3%
DevdanHalberdier
84.7%
NaesalaRaven King
84%
GiffcaLion
84%
TanithFalcon Knight
83.3%
Elincia Princess Crimea
65.3%

You're not logged in!

Compare scores with friends on all Sporcle quizzes.
Join for Free
OR
Log In

You Might Also Like...

Show Comments

Extras

Top Quizzes Today


Score Distribution

Your Account Isn't Verified!

In order to create a playlist on Sporcle, you need to verify the email address you used during registration. Go to your Sporcle Settings to finish the process.

Report this User

Report this user for behavior that violates our Community Guidelines.

Details: